[Event "COL-ch"]
[Site "Boyaca"]
[Date "2022.08.20"]
[Round "7"]
[White "Uribe Fajardo, Juan Felipe"]
[Black "Hoyos, Edgar"]
[Result "0-1"]
[WhiteElo "1872"]
[BlackElo "2075"]
[PlyCount "122"]
[EventDate "2022.08.17"]
[EventType "swiss"]
[EventRounds "9"]
[EventCountry "COL"]
[SourceTitle "CBM 210 Extra"]
[Source "ChessBase"]
[SourceDate "2022.11.30"]
[SourceVersion "1"]
[SourceVersionDate "2022.11.30"]
[SourceQuality "1"]

1. e4 c5 2. Nc3 a6 3. g3 Nc6 4. Bg2 g6 5. d3 d6 6. f4 Bg7 7. Nge2 e6 8. 0-0 Nge7 9. Be3 Nd4 10. Kh1 0-0 11. Bf2 Nec6 12. Nxd4 Nxd4 13. Qd2 Rb8 14. Rae1 Qc7 15. Nd1 Bd7 16. c3 Nc6 17. Ne3 Ne7 18. g4 f5 19. exf5 gxf5 20. g5 d5 21. Bg3 b5 22. Nc2 Rb6 23. d4 c4 24. Re2 a5 25. a3 Qd6 26. Ne1 Rfb8 27. Nf3 Nc6 28. Ne5 Nxe5 29. fxe5 Qe7 30. h4 Be8 31. Bf3 b4 32. axb4 axb4 33. Qe3 Ra8 34. Be1 bxc3 35. Bxc3 Rba6 36. Ree1 Bf7 37. Qf4 Qe8 38. Rg1 Bh5 39. Qg3 Qg6 40. Bxh5 Qxh5 41. Qf4 R8a7 42. Rgf1 Bf8 43. Rg1 Rb7 44. Qg3 Rg7 45. Qf4 Raa7 46. Rg2 Rg6 47. Reg1 Rag7 48. Bd2 Be7 49. Be3 h6 50. gxh6 Rxg2 51. Rxg2 Rxg2 52. Kxg2 Qxh4 53. Qf1 Kh7 54. Qc1 Qe4+ 55. Kf1 Bh4 56. Qd2 Qf3+ 57. Kg1 Bg3 58. Bg5 Kg6 59. Bf6 Bf4 60. Qg2+ Qxg2+ 61. Kxg2 Bc1 0-1

[Event "COL-ch"]
[Site "Boyaca"]
[Date "2022.08.19"]
[Round "5"]
[White "Uribe Fajardo, Juan Felipe"]
[Black "Uribe, Alquiber"]
[Result "1/2-1/2"]
[WhiteElo "1872"]
[BlackElo "1542"]
[PlyCount "52"]
[EventDate "2022.08.17"]
[EventType "swiss"]
[EventRounds "9"]
[EventCountry "COL"]
[SourceTitle "CBM 210 Extra"]
[Source "ChessBase"]
[SourceDate "2022.11.30"]
[SourceVersion "1"]
[SourceVersionDate "2022.11.30"]
[SourceQuality "1"]

1. e4 c6 2. Nc3 d5 3. Nf3 Bg4 4. d4 e6 5. h3 dxe4 6. hxg4 exf3 7. gxf3 Nf6 8. Bg5 Be7 9. Qd2 Nbd7 10. Bc4 Nb6 11. Bb3 Qd7 12. 0-0-0 Nfd5 13. Ne4 0-0-0 14. Nc5 Qc7 15. Bxe7 Qxe7 16. c4 Nf6 17. g5 Nfd7 18. Ne4 e5 19. c5 Nd5 20. Nd6+ Kb8 21. Bxd5 exd4 22. Rhe1 Qf8 23. Qxd4 Nxc5 24. Qxc5 Rxd6 25. Qc3 Rxd5 26. Rxd5 cxd5 1/2-1/2

[Event "COL-ch"]
[Site "Boyaca"]
[Date "2022.08.18"]
[Round "3"]
[White "Uribe Fajardo, Juan Felipe"]
[Black "Negron Lizarazo, Juan Sebastian"]
[Result "0-1"]
[WhiteElo "1872"]
[BlackElo "1456"]
[PlyCount "136"]
[EventDate "2022.08.17"]
[EventType "swiss"]
[EventRounds "9"]
[EventCountry "COL"]
[SourceTitle "CBM 210 Extra"]
[Source "ChessBase"]
[SourceDate "2022.11.30"]
[SourceVersion "1"]
[SourceVersionDate "2022.11.30"]
[SourceQuality "1"]

1. e4 e6 2. Qe2 c5 3. c3 Nc6 4. Nf3 g6 5. d4 cxd4 6. cxd4 d5 7. exd5 Qxd5 8. Nc3 Qd8 9. Bg5 Be7 10. Be3 Bf6 11. Rd1 Nge7 12. Ne4 Bg7 13. Bg5 Qa5+ 14. Bd2 Qd5 15. Bg5 Qa5+ 16. Rd2 0-0 17. Nf6+ Kh8 18. Qe4 Nd5 19. Qh4 Nxf6 20. Bxf6 Qf5 21. Bxg7+ Kxg7 22. Bd3 Qd5 23. 0-0 Qxa2 24. b4 Qd5 25. b5 Na5 26. Ne5 Qd8 27. Qxd8 Rxd8 28. Bc2 f6 29. Nf3 Nc4 30. Rdd1 Bd7 31. Rfe1 Kf7 32. Be4 Rab8 33. Ra1 Nd6 34. Rxa7 Nxe4 35. Rxe4 Bxb5 36. Ra3 Bc6 37. Rf4 Bxf3 38. Raxf3 f5 39. h4 b5 40. g4 b4 41. Rb3 Rdc8 42. gxf5 gxf5 43. Rff3 Rc4 44. Rbd3 Rb5 45. Kg2 Rd5 46. Rf4 Rc3 47. Rff3 Rxd3 48. Rxd3 e5 49. Kg3 Rxd4 50. Rb3 Ke6 51. h5 Rg4+ 52. Kf3 Rc4 53. Ke2 e4 54. Rb1 f4 55. Rb2 Kd5 56. Rb1 Kd4 57. Rd1+ Kc5 58. Rd7 b3 59. Rxh7 b2 60. Rc7+ Kd4 61. Rb7 Kc3 62. h6 Kc2 63. h7 Rc8 64. Rc7+ Rxc7 65. h8Q b1Q 66. Qd4 f3+ 67. Ke3 Qe1+ 68. Kf4 Qd2+ 0-1

[Event "Manizales Las Americas blitz op"]
[Site "Manizales"]
[Date "2021.10.23"]
[Round "2"]
[White "Uribe Fajardo, Juan Felipe"]
[Black "Ruiz Aguilar, Pablo Alexander"]
[Result "0-1"]
[WhiteElo "1897"]
[BlackElo "2172"]
[PlyCount "134"]
[EventDate "2021.10.23"]
[EventType "swiss (blitz)"]
[EventRounds "11"]
[EventCountry "COL"]
[SourceTitle "CBM 205 Extra"]
[Source "ChessBase"]
[SourceDate "2022.01.31"]
[SourceVersion "1"]
[SourceVersionDate "2022.01.31"]
[SourceQuality "1"]

1. d4 g6 2. Nf3 Bg7 3. Bf4 d6 4. e3 Nf6 5. h3 Nbd7 6. Be2 c5 7. c3 cxd4 8. exd4 b6 9. 0-0 0-0 10. a4 Bb7 11. a5 Nd5 12. Bh2 Qc7 13. Nbd2 bxa5 14. Qa4 N7f6 15. Qxa5 Nb6 16. c4 Rfc8 17. b4 Ne4 18. c5 Nxd2 19. Nxd2 Nd5 20. Qxc7 Nxc7 21. cxd6 exd6 22. Bxd6 Bxd4 23. Rac1 Ne6 24. Nf3 Bb6 25. Rfd1 Rxc1 26. Rxc1 Rc8 27. Rd1 h6 28. Be5 Rc2 29. Bd3 Rxf2 30. Kh1 Bxf3 31. gxf3 Rxf3 32. Kg2 Re3 33. Bc4 Re4 34. Bg3 h5 35. Rc1 Kg7 36. h4 Nd4 37. b5 Rg4 38. Bd3 Ne6 39. Kh3 Rb4 40. Bf1 g5 41. Be5+ f6 42. Bg3 Nf4+ 43. Kh2 Rb2+ 44. Kh1 Ne2 45. Bxe2 Rxe2 46. Rd1 Re7 47. Rd6 g4 48. Rd5 Kg6 49. Kg2 Re6 50. Rd7 f5 51. Bf4 Re2+ 52. Kh1 Rf2 53. Rd6+ Kf7 54. Bg5 Bc5 55. Rc6 Bb6 56. Rf6+ Kg7 57. Rc6 f4 58. Bf6+ Kf7 59. Be5 g3 60. Rf6+ Ke7 61. Rxb6 axb6 62. Kg1 Rf3 63. Bd4 Ke6 64. Bxb6 Rb3 65. Bc7 Kf5 66. b6 Kg4 67. Bd8 Rb5 0-1

[Event "Manizales Las Americas op-B"]
[Site "Manizales"]
[Date "2021.10.18"]
[Round "9"]
[White "Ochoa Parra, Carlos Orlando"]
[Black "Uribe Fajardo, Juan Felipe"]
[Result "1/2-1/2"]
[WhiteElo "1838"]
[BlackElo "1908"]
[PlyCount "22"]
[EventDate "2021.10.14"]
[EventType "swiss"]
[EventRounds "9"]
[EventCountry "COL"]
[SourceTitle "EXT 2023"]
[Source "ChessBase"]
[SourceDate "2022.10.05"]
[SourceVersion "1"]
[SourceVersionDate "2022.10.05"]
[SourceQuality "1"]

1. e4 c5 2. Nf3 e6 3. d4 cxd4 4. Nxd4 a6 5. Bc4 Qc7 6. Bb3 Nc6 7. Nxc6 bxc6 8. 0-0 d5 9. exd5 cxd5 10. Ba4+ Bd7 11. Bxd7+ Qxd7 1/2-1/2

[Event "Manizales Las Americas op-B"]
[Site "Manizales"]
[Date "2021.10.15"]
[Round "2"]
[White "Uribe Fajardo, Juan Felipe"]
[Black "Giraldo Aristizabal, Marlon"]
[Result "0-1"]
[WhiteElo "1908"]
[BlackElo "1765"]
[PlyCount "54"]
[EventDate "2021.10.14"]
[EventType "swiss"]
[EventRounds "9"]
[EventCountry "COL"]
[SourceTitle "EXT 2023"]
[Source "ChessBase"]
[SourceDate "2022.10.05"]
[SourceVersion "1"]
[SourceVersionDate "2022.10.05"]
[SourceQuality "1"]

1. e4 c5 2. Nc3 d6 3. f4 Nc6 4. Bb5 e6 5. Bxc6+ bxc6 6. Nf3 Nf6 7. d3 Be7 8. 0-0 0-0 9. Qe1 Rb8 10. Kh1 d5 11. e5 Nd7 12. Qg3 f6 13. a4 fxe5 14. fxe5 Bh4 15. Qh3 Nxe5 16. Bd2 Nxf3 17. Rxf3 Rxf3 18. Qxf3 Rxb2 19. Rf1 Bf6 20. Qd1 Rb4 21. h3 Qd6 22. Qh5 Bd7 23. a5 Rh4 24. Qf3 e5 25. Bg5 Rb4 26. Qh5 g6 27. Qh6 Bg7 0-1

[Event "La Dorada op"]
[Site "La Dorada"]
[Date "2021.09.04"]
[Round "2"]
[White "Uribe Fajardo, Juan Felipe"]
[Black "Mora, Esau"]
[Result "1-0"]
[WhiteElo "1924"]
[BlackElo "1603"]
[PlyCount "61"]
[EventDate "2021.09.03"]
[EventType "swiss"]
[EventRounds "7"]
[EventCountry "COL"]
[SourceTitle "EXT 2022"]
[Source "ChessBase"]
[SourceDate "2021.10.06"]
[SourceVersion "1"]
[SourceVersionDate "2021.10.06"]
[SourceQuality "1"]

1. e4 e5 2. Nf3 d6 3. d4 exd4 4. Nxd4 g6 5. Be3 Bg7 6. Nc3 c6 7. Be2 h6 8. Qd2 Ne7 9. 0-0-0 a6 10. Nb3 d5 11. exd5 cxd5 12. Nxd5 Nxd5 13. Qxd5 Qxd5 14. Rxd5 0-0 15. Rhd1 Nc6 16. Rc5 Be6 17. Bf3 Rac8 18. Rd6 Be5 19. Rdxc6 bxc6 20. Rxe5 Bxb3 21. axb3 Kg7 22. Ra5 Rfe8 23. Rxa6 Re6 24. Bd4+ Kf8 25. Bg4 f5 26. Bf3 Rd8 27. c3 Rc8 28. Ra7 h5 29. b4 h4 30. Rh7 Kg8 31. Rh8+ 1-0

[Event "Coliseo Department-ch"]
[Site "Coliseo"]
[Date "2020.12.13"]
[Round "7"]
[White "Villamizar, Diego Fernando"]
[Black "Uribe Fajardo, Juan Felipe"]
[Result "0-1"]
[WhiteElo "1993"]
[BlackElo "1931"]
[PlyCount "34"]
[EventDate "2020.12.11"]
[EventType "swiss"]
[EventRounds "7"]
[EventCountry "COL"]
[SourceTitle "EXT 2022"]
[Source "ChessBase"]
[SourceDate "2021.10.06"]
[SourceVersion "1"]
[SourceVersionDate "2021.10.06"]
[SourceQuality "1"]

1. d4 Nf6 2. c4 e6 3. Nc3 Bb4 4. e3 b6 5. Bd3 Bb7 6. Nge2 Bxg2 7. Rg1 Be4 8. Bxe4 Nxe4 9. Qc2 Qh4 10. Rg2 Ng5 11. Nf4 Nf3+ 12. Ke2 Qxf4 13. exf4 Nxd4+ 14. Kd3 Nxc2 15. Kxc2 Bxc3 16. Kxc3 g6 17. Be3 c5 0-1

[Event "COL-ch IRT U18 Zona West"]
[Site "Medellin"]
[Date "2011.03.19"]
[Round "4.1"]
[White "Uribe Fajardo, Juan Felipe"]
[Black "Loaiza, Yurani"]
[Result "1-0"]
[WhiteElo "1912"]
[BlackElo "1882"]
[PlyCount "53"]
[EventDate "2011.03.19"]
[EventType "swiss"]
[EventRounds "6"]
[EventCountry "COL"]
[SourceTitle "EXT 2024"]
[Source "ChessBase"]
[SourceDate "2023.10.10"]
[SourceVersion "1"]
[SourceVersionDate "2023.10.10"]
[SourceQuality "1"]

1. e4 e5 2. Nf3 Nf6 3. Nxe5 d6 4. Nf3 Nxe4 5. d4 d5 6. Bd3 Bg4 7. 0-0 Bd6 8. c4 c6 9. cxd5 cxd5 10. Re1 f5 11. Nc3 0-0 12. h3 Bh5 13. Nxd5 Bh2+ 14. Kxh2 Qxd5 15. Be3 Kh8 16. Qb3 Qd6+ 17. Kh1 Nc6 18. d5 Na5 19. Qb5 b6 20. Bxe4 fxe4 21. Ng5 Qe5 22. Ne6 Rf5 23. Qd7 Rf7 24. Bd4 Qf5 25. Qd6 Nb7 26. Qc6 Na5 27. Qxa8+ 1-0

[Event "COL-ch U15"]
[Site "Bogota"]
[Date "2011.02.23"]
[Round "3.7"]
[White "Cespedes Galindo, Estefania"]
[Black "Uribe Fajardo, Juan Felipe"]
[Result "0-1"]
[WhiteElo "1822"]
[BlackElo "1907"]
[PlyCount "44"]
[EventDate "2011.02.23"]
[EventType "swiss"]
[EventRounds "7"]
[EventCountry "COL"]
[SourceTitle "EXT 2024"]
[Source "ChessBase"]
[SourceDate "2023.10.10"]
[SourceVersion "1"]
[SourceVersionDate "2023.10.10"]
[SourceQuality "1"]

1. d4 d5 2. c4 c6 3. Nc3 Nf6 4. Bg5 dxc4 5. e3 b5 6. a4 b4 7. Na2 b3 8. Nc3 Ba6 9. Be2 Nbd7 10. Nf3 Nd5 11. Nd2 Qa5 12. Rc1 Nxc3 13. Rxc3 Qxg5 14. 0-0 e6 15. f4 Qd8 16. Nxc4 Bxc4 17. Rxc4 Qb6 18. Bf3 Rc8 19. e4 Be7 20. f5 0-0 21. f6 Bxf6 22. e5 Nxe5 0-1

[Event "Manizales op 23rd"]
[Site "Caldas"]
[Date "2011.01.09"]
[Round "7"]
[White "Uribe Fajardo, Juan Felipe"]
[Black "Lopez Idarraga, Daniel Eduardo"]
[Result "1-0"]
[WhiteElo "1907"]
[BlackElo "2006"]
[PlyCount "53"]
[EventDate "2011.01.06"]
[EventType "swiss"]
[EventRounds "7"]
[EventCountry "COL"]
[SourceTitle "CBM 140 Extra"]
[Source "ChessBase"]
[SourceDate "2011.03.01"]
[SourceVersion "1"]
[SourceVersionDate "2011.03.01"]
[SourceQuality "1"]

1. e4 c5 2. Nf3 Nc6 3. d4 cxd4 4. Nxd4 g6 5. Be3 Nf6 6. Nc3 Bg7 7. Bc4 0-0 8. Bb3 a5 9. a4 d5 10. exd5 Nb4 11. Ndb5 Bf5 12. 0-0 Ne4 13. Bd4 Nxc3 14. Bxc3 Rc8 15. Bxg7 Kxg7 16. c3 Na6 17. Re1 Nc5 18. Ba2 Kg8 19. d6 e6 20. Nd4 Re8 21. b4 Ne4 22. Nxf5 Nxc3 23. Qd2 Qd7 24. Nh6+ Kg7 25. Ng4 f6 26. Qh6+ Kh8 27. Nxf6 1-0

[Event "Manizales op 23rd"]
[Site "Caldas"]
[Date "2011.01.08"]
[Round "5"]
[White "Castrillon Gomez, Melissa"]
[Black "Uribe Fajardo, Juan Felipe"]
[Result "1/2-1/2"]
[WhiteElo "2027"]
[BlackElo "1907"]
[PlyCount "74"]
[EventDate "2011.01.06"]
[EventType "swiss"]
[EventRounds "7"]
[EventCountry "COL"]
[SourceTitle "CBM 140 Extra"]
[Source "ChessBase"]
[SourceDate "2011.03.01"]
[SourceVersion "1"]
[SourceVersionDate "2011.03.01"]
[SourceQuality "1"]

1. e4 c5 2. Nf3 e6 3. d4 cxd4 4. Nxd4 a6 5. Bd3 Nf6 6. Nc3 Qc7 7. 0-0 Nc6 8. Be3 b5 9. Kh1 Bb7 10. a3 Be7 11. f4 d6 12. Qe2 0-0 13. Rae1 Rfd8 14. Nxc6 Bxc6 15. Bd2 e5 16. Nd5 Nxd5 17. exd5 Bxd5 18. Bxh7+ Kxh7 19. Qd3+ Kg8 20. Qxd5 Bf6 21. Bc3 Re8 22. fxe5 Bxe5 23. Bxe5 dxe5 24. Rf5 Rad8 25. Qb3 Rd2 26. Ref1 Re7 27. Rh5 Qd7 28. Rh4 Rd1 29. Qf3 Rxf1+ 30. Qxf1 e4 31. Qe2 Qd5 32. h3 e3 33. c3 Re4 34. Qf3 Re5 35. Qxd5 Rxd5 36. Re4 Rd3 37. g4 g6 1/2-1/2

[Event "Medellin Experts 17th"]
[Site "Medellin"]
[Date "2010.08.08"]
[Round "8.2"]
[White "Uribe Fajardo, Juan Felipe"]
[Black "Caro, Emilio"]
[Result "0-1"]
[WhiteElo "1913"]
[BlackElo "1898"]
[PlyCount "68"]
[EventDate "2010.08.04"]
[EventType "swiss"]
[EventRounds "9"]
[EventCountry "COL"]
[SourceTitle "EXT 2024"]
[Source "ChessBase"]
[SourceDate "2023.10.10"]
[SourceVersion "1"]
[SourceVersionDate "2023.10.10"]
[SourceQuality "1"]

1. e4 e5 2. Nf3 Nc6 3. Bc4 Nf6 4. Ng5 d5 5. exd5 b5 6. Bb3 Nd4 7. h3 Nxb3 8. axb3 Qxd5 9. Nf3 e4 10. Nc3 Qc5 11. Qe2 Bb7 12. d3 a6 13. Nxe4 Nxe4 14. dxe4 Qb4+ 15. Nd2 Be7 16. 0-0 0-0 17. Re1 Rfe8 18. Nf1 Bf6 19. Ng3 Rad8 20. f3 Bh4 21. Bf4 g5 22. c3 Qf8 23. Nf5 Bxe1 24. Bxg5 f6 25. Bh6 Qf7 26. Qxe1 Bc8 27. Bf4 Qg6 28. Qf2 Bxf5 29. exf5 Qxf5 30. Bxc7 Rd7 31. Bb6 Qf4 32. Bd4 Rde7 33. Rd1 Re2 34. Qf1 Qf5 0-1

[Event "Medellin Experts 17th"]
[Site "Medellin"]
[Date "2010.08.06"]
[Round "4.6"]
[White "Uribe Fajardo, Juan Felipe"]
[Black "Echavarria, Gustavo"]
[Result "1-0"]
[WhiteElo "1913"]
[BlackElo "1971"]
[PlyCount "143"]
[EventDate "2010.08.04"]
[EventType "swiss"]
[EventRounds "9"]
[EventCountry "COL"]
[SourceTitle "EXT 2024"]
[Source "ChessBase"]
[SourceDate "2023.10.10"]
[SourceVersion "1"]
[SourceVersionDate "2023.10.10"]
[SourceQuality "1"]

1. e4 c6 2. d4 d5 3. Nd2 dxe4 4. Nxe4 Bf5 5. Bd3 e6 6. Nf3 Nd7 7. Bf4 Ngf6 8. Nd6+ Bxd6 9. Bxd6 Nb6 10. Bc5 Bxd3 11. Qxd3 Nbd7 12. Ba3 Nd5 13. Nd2 N7f6 14. Nc4 Qc7 15. Nd6+ Kd8 16. Nc4 b5 17. Bd6 Qb7 18. Ne5 Ne8 19. Bc5 f6 20. Nf3 Nec7 21. 0-0 Kd7 22. a4 a6 23. Nd2 Nf4 24. Qf3 Ncd5 25. b3 Qc7 26. c4 Ne7 27. cxb5 Ned5 28. b6 Qd8 29. Nc4 Ng6 30. a5 f5 31. Bd6 Qg5 32. b7 Rab8 33. Bxb8 Rxb8 34. Nb6+ Nxb6 35. axb6 f4 36. Rxa6 Nh4 37. Qh3 f3 38. g3 Nf5 39. Ra8 Rxb7 40. Ra7 Kc8 41. Qxh7 Qd8 42. Qg6 Nxd4 43. Ra8+ Rb8 44. b7+ Kxb7 45. Qxg7+ Kc8 46. Rxb8+ Kxb8 47. Qe5+ Kb7 48. h4 Ne2+ 49. Kh2 Qd3 50. Ra1 Qxb3 51. Qe4 Kc7 52. Rb1 Qd5 53. Qb4 Kd7 54. Qb7+ Kd6 55. Qb8+ Ke7 56. Rb7+ Kf6 57. Qh8+ Kf5 58. Qh5+ Ke4 59. Rb4+ Kd3 60. Qg6+ Kc3 61. Qb1 Qc5 62. Qb2+ Kd3 63. Rb3+ Nc3 64. Qxc3+ Qxc3 65. Rxc3+ Kxc3 66. h5 Kd2 67. h6 Ke2 68. h7 Kxf2 69. h8Q Kf1 70. Qb2 f2 71. Qc1+ Ke2 72. Kg2 1-0

[Event "Medellin Experts 17th"]
[Site "Medellin"]
[Date "2010.08.05"]
[Round "2.6"]
[White "Uribe Fajardo, Juan Felipe"]
[Black "Hernandez, Cristian Andres"]
[Result "1-0"]
[WhiteElo "1913"]
[BlackElo "1960"]
[PlyCount "89"]
[EventDate "2010.08.04"]
[EventType "swiss"]
[EventRounds "9"]
[EventCountry "COL"]
[SourceTitle "EXT 2024"]
[Source "ChessBase"]
[SourceDate "2023.10.10"]
[SourceVersion "1"]
[SourceVersionDate "2023.10.10"]
[SourceQuality "1"]

1. e4 c5 2. Nf3 d6 3. d4 cxd4 4. Nxd4 Nf6 5. Nc3 a6 6. a4 e5 7. Nb3 Be6 8. Be3 Ng4 9. Bd2 Be7 10. Be2 Nf6 11. Be3 Nc6 12. f3 d5 13. exd5 Nxd5 14. Nxd5 Bxd5 15. 0-0 Bxb3 16. cxb3 0-0 17. Rc1 Bg5 18. f4 exf4 19. Bxf4 Qb6+ 20. Kh1 Rad8 21. Bd3 Bxf4 22. Rxf4 Qe3 23. Rf3 Qe5 24. Rh3 g6 25. Qf1 Qxb2 26. Bxa6 bxa6 27. Rxc6 Rc8 28. Rxc8 Rxc8 29. Rd3 a5 30. h3 Rc1 31. Rd1 Rc2 32. Qf3 Rc3 33. Qa8+ Kg7 34. Qxa5 Qxb3 35. Qe5+ Kh6 36. Rd4 Qb1+ 37. Kh2 Qf5 38. Rh4+ Kg5 39. Rg4+ Kh5 40. Qxc3 g5 41. Qf3 Qe5+ 42. Rg3+ Kg6 43. h4 h6 44. h5+ Kg7 45. Qc3 1-0

[Event "Charala op"]
[Site "Charala"]
[Date "2010.07.19"]
[Round "5"]
[White "Uribe Fajardo, Juan Felipe"]
[Black "Ortiz, Javier"]
[Result "1-0"]
[WhiteElo "1913"]
[BlackElo "2123"]
[PlyCount "79"]
[EventDate "2010.07.17"]
[EventType "swiss"]
[EventRounds "8"]
[EventCountry "COL"]
[SourceTitle "CBM 137 Extra"]
[Source "ChessBase"]
[SourceDate "2010.09.01"]
[SourceVersion "1"]
[SourceVersionDate "2010.09.01"]
[SourceQuality "1"]

1. e4 c5 2. Nf3 d6 3. d4 cxd4 4. Nxd4 Nf6 5. Nc3 a6 6. a4 g6 7. Be2 Bg7 8. Be3 Nc6 9. f3 Bd7 10. Qd2 Rc8 11. Nb3 Na5 12. h4 Nxb3 13. cxb3 Qa5 14. Rd1 Be6 15. Qc2 Qb4 16. Rd4 Qb6 17. Qd2 Nh5 18. Bd1 Be5 19. 0-0 Qc7 20. Rd3 Bf6 21. f4 Bxc3 22. Rxc3 Qd8 23. f5 Bd7 24. Qf2 Rxc3 25. fxg6 Be6 26. gxf7+ Kd7 27. bxc3 Nf6 28. Bc2 Qf8 29. Qd2 Kc8 30. Bd4 Qxf7 31. Bxf6 exf6 32. Qxd6 Rd8 33. Qb4 Qg7 34. Bd1 Qg3 35. Bf3 Qxh4 36. Qc5+ Kb8 37. Qe7 Rc8 38. Qxe6 Rxc3 39. Qd6+ Kc8 40. Rd1 1-0

[Event "Manizales op 22nd"]
[Site "Manizales"]
[Date "2010.01.08"]
[Round "3.1"]
[White "Uribe Fajardo, Juan Felipe"]
[Black "Ocampo, Jhonatan Steven"]
[Result "1-0"]
[WhiteElo "1913"]
[BlackElo "1570"]
[PlyCount "43"]
[EventDate "2010.01.07"]
[EventType "swiss"]
[EventRounds "5"]
[EventCountry "COL"]
[SourceTitle "EXT 2024"]
[Source "ChessBase"]
[SourceDate "2023.10.10"]
[SourceVersion "1"]
[SourceVersionDate "2023.10.10"]
[SourceQuality "1"]

1. e4 c5 2. Nf3 e6 3. d4 cxd4 4. Nxd4 a6 5. Nc3 Qc7 6. Bd3 Nf6 7. 0-0 Be7 8. Be3 0-0 9. f4 d6 10. Qe1 Nc6 11. Qg3 Re8 12. Kh1 Bd7 13. Rae1 Rad8 14. Nf3 Na5 15. e5 Nd5 16. Nxd5 exd5 17. Bd4 Bf8 18. f5 Bb5 19. f6 g6 20. e6 Bxd3 21. exf7+ Kxf7 22. Ng5+ 1-0

[Event "La Dorada Alfil Dorado CC"]
[Site "La Dorada"]
[Date "2009.10.12"]
[Round "6.3"]
[White "Torres, Juan Camilo"]
[Black "Uribe Fajardo, Juan Felipe"]
[Result "1-0"]
[WhiteElo "2190"]
[BlackElo "1970"]
[PlyCount "71"]
[EventDate "2009.10.09"]
[EventType "tourn"]
[EventRounds "8"]
[EventCountry "COL"]
[SourceTitle "EXT 2024"]
[Source "ChessBase"]
[SourceDate "2023.10.10"]
[SourceVersion "1"]
[SourceVersionDate "2023.10.10"]
[SourceQuality "1"]

1. d4 d5 2. Nf3 Bf5 3. c4 Nf6 4. Nc3 e6 5. Bg5 Be7 6. Bxf6 Bxf6 7. cxd5 exd5 8. Qb3 b6 9. Qxd5 Qxd5 10. Nxd5 Bd8 11. e3 Be4 12. Nc3 Bb7 13. Bb5+ c6 14. Bd3 Be7 15. 0-0 0-0 16. Rac1 c5 17. dxc5 Bxc5 18. Be4 Bxe4 19. Nxe4 Be7 20. Rc7 Bd8 21. Rb7 Nc6 22. Rc1 Nb4 23. a3 Nd3 24. Rc2 f5 25. Nd6 g6 26. b4 Bf6 27. Rcc7 Rfd8 28. Nf7 Rdc8 29. Nh6+ Kf8 30. Rf7+ Ke8 31. h4 Bd8 32. Rg7 Rc1+ 33. Kh2 Bc7+ 34. Rgxc7 Rxc7 35. Rxc7 Nxf2 36. Rxh7 1-0